000 00565nam a2200193Ia 4500
005 20260120124555.0
008 008 260114s9999 xx 000 0 eng d
020 _a9781780522548
037 _aEBOOK
040 _aCRL
_beng
_cCRL
041 _aeng
_2eng
084 _qCRL
245 0 _aRevitalizing Marxist Theory for Today's Capitalism
260 _bEmerald Publishing
_c2011
700 _aPaul Zarembka
_9907927
856 _uhttps://www.emerald.com/insight/publication/doi/10.1108/S0161-7230(2011)27
942 _cEBOOK
999 _c1499815
_d1499815